Compilación de Derecho Penal Internacional el Estatuto de Roma y otros instrumentos de la Corte Penal Internacional (Registro nro. 42362)

Detalles MARC
000 -ENCABEZADO
Número de control [NR] 01161nam a2200265Ia 4500
008 - DE LONGITUD FIJA DE DATOS DE ELEMENTOS - INFORMACIÓN GENERAL
Elementos de longitud fija [NR] 130821s2003 ck gr spa
020 ## - NUMERO INTERNACIONAL NORMALIZADO PARA LIBROS [R]
Número Internacional Normalizado del libro [NR] 9589719635
040 ## - FUENTE DE CATALOGACION [NR]
Agencia de catalogación original [NR] Co-BoUCM
Idioma de catalogación [NR] spa
041 00 - CODIGO DE IDIOMA [R]
Código de idioma para texto/pista de sonido o título separado [R] Español
110 10 - ASIENTO PRINCIPAL--NOMBRE CORPORATIVO [NR]
Nombre corporativo o de jurisdicción como elemento de entrada [NR] Naciones Unidas.
Unidad subordinada [R] Alto Comisionado para los Derechos Humanos
ID de autoridad 129373
245 10 - MENCION DE TITULO [NR]
Título [NR] Compilación de Derecho Penal Internacional el Estatuto de Roma y otros instrumentos de la Corte Penal Internacional
Mención de responsabilidad, etc. [NR] Naciones Unidas. Alto Comisionado para los Derechos Humanos. Oficina en Colombia ; compilador Alejandro Valencia Villa
260 ## - PUBLICACION, DISTRIBUCION, ETC. (PIE DE IMPRENTA) [R]
Lugar de publicación, distribución, etc. [R] Bogotá (Colombia)
Nombre del editor, distribuidor, etc. [R] Organización de las Naciones Unidas
Fecha de publicación, distribución, etc. [R] 2003
300 ## - DESCRIPCION FISICA [R]
Extensión [R] 394 páginas
504 ## - NOTA DE BIBLIOGRAFIA, ETC. [R]
Nota de bibliografía, etc. [NR]
610 ## - ASIENTO SECUNDARIO DE MATERIA - NOMBRE CORPORATIVO [R]
Nombre corporativo o nombre de la jurisdicción como elemento de entrada [NR] Corte Penal Internacional
9 (RLIN) 4164
630 ## - ASIENTO SECUNDARIO DE MATERIA - TITULO UNIFORME [R]
Título uniforme [NR] Estatuto de Roma
9 (RLIN) 5018
650 04 - ASIENTO SECUNDARIO DE MATERIA - TERMINO TEMATICO [R]
Término temático o nombre geográfico como elemento de entrada [NR] Delitos internacionales
Subdivisión geográfica [R] Colombia
9 (RLIN) 7489
650 04 - ASIENTO SECUNDARIO DE MATERIA - TERMINO TEMATICO [R]
Término temático o nombre geográfico como elemento de entrada [NR] Derecho internacional humanitario
Subdivisión geográfica [R] Colombia
9 (RLIN) 56556
650 04 - ASIENTO SECUNDARIO DE MATERIA - TERMINO TEMATICO [R]
Término temático o nombre geográfico como elemento de entrada [NR] Derecho internacional
9 (RLIN) 12776
650 04 - ASIENTO SECUNDARIO DE MATERIA - TERMINO TEMATICO [R]
Término temático o nombre geográfico como elemento de entrada [NR] Derecho penal
9 (RLIN) 12805
650 04 - ASIENTO SECUNDARIO DE MATERIA - TERMINO TEMATICO [R]
Término temático o nombre geográfico como elemento de entrada [NR] Derechos humanos
9 (RLIN) 7499
700 1# - ASIENTO SECUNDARIO - NOMBRE PERSONAL [R]
Nombre personal [NR] Valencia Villa, Alejandro
Término de relación [R]
9 (RLIN) 55568
942 ## - ELEMENTOS DE ENTRADA AGREGADOS (KOHA)
Tipo de ítem principal el descrito en 300a Libro
Tema principal Derecho
Edición 1
Parte restante de la signatura top. O686c
Sistema de clasificación DEWEY
Clasificación 341.77
Existencias
Fecha de último préstamo Total préstamos Total Renewals Signatura topográfica Código de barras Última vez visto Ejemplar Price effective from Tipo de ítem Perdido Sistema de clasificación Dañado No prestable Tipo de ítem específico Suprimido Ubicación habitual Ubicación actual Localización Fecha de creación Forma de adquisición Costo
04/11/2011 35   341.77 O686c 100064380 13/12/2016 Ej.3 03/02/2013 Libro   DEWEY     Libro   Bodega Bodega Préstamo 4 días después de solicitado 28/02/2004 Donación 26000.00
30/08/2021 17 4 341.77 O686c 100115836 12/06/2026 Ej.5 03/02/2013 Libro   DEWEY     Libro   Claustro Claustro 3er piso 28/02/2011 Donación 26000.00
09/03/2021 25 7 341.77 O686c 100115834 12/06/2026 Ej.6 03/02/2013 Libro   DEWEY     Libro   Claustro Claustro 3er piso 28/02/2011 Donación 26000.00
11/09/2010 37   341.77 O686c 100064378 11/06/2026 Ej.1 03/02/2013 Libro   DEWEY     Libro   Claustro Claustro 3er piso 28/02/2004 Donación 26000.00